| 000 | 00462nam a22001817a 4500 | ||
|---|---|---|---|
| 003 | CEME | ||
| 005 | 20210628202903.0 | ||
| 008 | 210119b xxu||||| |||| 00| 0 eng d | ||
| 020 | _a0-07-828542-9 | ||
| 040 | _cceme | ||
| 082 | _a620.0042 WOH | ||
| 100 |
_aWohlers, Terry T _962162 |
||
| 245 | _aApplying autocad 2002 advanced | ||
| 260 |
_aNEW YORK _bMCGRAW HILL _c2003 |
||
| 300 | _aXX,457 P | ||
| 650 |
_a AUTOCAD 2002 ADVANCED _962163 |
||
| 942 |
_cBK _2ddc |
||
| 999 |
_c571360 _d571360 |
||